[Event "EU Championship 4th"]
[Site "Liverpool"]
[Date "2008.09.11"]
[Round "3.58"]
[White "Ewart, Brian R"]
[Black "Brown, Martin"]
[Result "0-1"]
[WhiteElo "1902"]
[BlackElo "2072"]
[PlyCount "70"]
[EventDate "2008.09.09"]

1. b3 d5 2. Bb2 c5 3. e3 Nc6 4. Bb5 a6 5. Bxc6+ bxc6 6. Nf3 Bg4 7. h3 Bh5 8. d3
f6 9. c4 e6 10. Nbd2 Bd6 11. Qc2 Ne7 12. O-O-O Bg6 13. g4 h6 14. h4 Qa5 15. Bc3
Qc7 16. g5 e5 17. gxf6 gxf6 18. h5 Bf7 19. Rdg1 O-O-O 20. Nf1 Rdg8 21. Rxg8+
Rxg8 22. e4 f5 23. exf5 Nxf5 24. Qd2 Rg2 25. Qe2 Nd4 26. Nxd4 exd4 27. Bd2 Bf4
28. Rh4 Bxd2+ 29. Nxd2 dxc4 30. bxc4 Rg1+ 31. Kb2 Qa5 32. Nb3 Qc3+ 33. Ka3 Rb1
34. Qg4+ Kb8 35. Qf4+ Ka8 0-1

[Event "EU Championship 4th"]
[Site "Liverpool"]
[Date "2008.09.11"]
[Round "3.59"]
[White "Benson, Oisin P"]
[Black "Bennion, David"]
[Result "1/2-1/2"]
[WhiteElo "1852"]
[BlackElo "2063"]
[PlyCount "49"]
[EventDate "2008.09.09"]

1. d4 d5 2. c4 e6 3. Nc3 Nf6 4. cxd5 exd5 5. Bg5 Be7 6. e3 c6 7. Qc2 h6 8. Bh4
O-O 9. Bd3 Re8 10. Nf3 Nbd7 11. O-O Ne4 12. Bxe7 Qxe7 13. Rab1 Nf8 14. Nd2 Bf5
15. Ncxe4 dxe4 16. Be2 Rad8 17. b4 Qg5 18. Rfc1 Ne6 19. Qc3 Rd6 20. Nc4 Rxd4
21. exd4 Nf4 22. Bf1 Nh3+ 23. Kh1 Nxf2+ 24. Kg1 Nh3+ 25. Kh1 1/2-1/2

[Event "EU Championship 4th"]
[Site "Liverpool"]
[Date "2008.09.11"]
[Round "3.60"]
[White "O'Rourke, Ray"]
[Black "Groves, David"]
[Result "1/2-1/2"]
[WhiteElo "2062"]
[BlackElo "1905"]
[PlyCount "97"]
[EventDate "2008.09.09"]

1. e4 d6 2. d4 Nf6 3. Nd2 g6 4. Ngf3 Bg7 5. Be2 O-O 6. c3 Nc6 7. O-O e5 8. dxe5
Nxe5 9. Nxe5 dxe5 10. Qc2 b6 11. a4 Bb7 12. a5 Qe7 13. a6 Bc6 14. b3 Rfd8 15.
Ba3 Qe8 16. f3 Nh5 17. Rfd1 Nf4 18. Bf1 Bb5 19. Bxb5 Qxb5 20. c4 Qc6 21. Nf1
Bf8 22. Bxf8 Kxf8 23. Ne3 Qc5 24. Kf2 Rd4 25. g3 Rad8 26. gxf4 exf4 27. Ke2
fxe3 28. Rxd4 Qxd4 29. Rd1 Qxd1+ 30. Qxd1 Rxd1 31. Kxd1 f5 32. exf5 gxf5 33. f4
Ke7 34. Ke2 Kd6 35. Kxe3 Kc5 36. Kd3 Kb4 37. Kd4 Kxb3 38. Kd5 c5 39. h4 h5 40.
Ke5 Kxc4 41. Kxf5 Kd5 42. Kg6 c4 43. f5 c3 44. f6 c2 45. f7 c1=Q 46. f8=Q Qc2+
47. Kxh5 Qe2+ 48. Kg5 Qg2+ 49. Kh5 1/2-1/2

[Event "EU Championship 4th"]
[Site "Liverpool"]
[Date "2008.09.11"]
[Round "3.61"]
[White "Cross, Ian K"]
[Black "Tasker, Michael W"]
[Result "0-1"]
[WhiteElo "1860"]
[BlackElo "2062"]
[PlyCount "100"]
[EventDate "2008.09.09"]

1. d4 Nf6 2. e3 g6 3. Bd3 Bg7 4. f4 d6 5. Nf3 O-O 6. O-O Nc6 7. c3 e5 8. fxe5
dxe5 9. Bb5 exd4 10. exd4 Be6 11. Nbd2 Ne7 12. Nb3 c6 13. Be2 b6 14. Ne5 Nd7
15. Nd3 f5 16. Bg5 h6 17. Bxe7 Qxe7 18. Bf3 Qd6 19. Qd2 Rac8 20. Rae1 Rfe8 21.
Nbc1 Bf7 22. Bd1 Nf6 23. Bb3 Bxb3 24. Nxb3 Ne4 25. Qd1 c5 26. dxc5 bxc5 27. Nf2
Qxd1 28. Rxd1 c4 29. Nd4 Rb8 30. Nxe4 Rxe4 31. Rd2 Rb6 32. Kf2 Kf7 33. Re1 Rxe1
34. Kxe1 Bxd4 35. cxd4 Ke6 36. Kd1 Kd5 37. Kc2 Ra6 38. a3 Re6 39. Kc3 Re3+ 40.
Kb4 Rb3+ 41. Ka5 f4 42. Ka6 c3 43. bxc3 Rxa3+ 44. Kb7 Rxc3 45. Kxa7 Rc4 46. Rf2
Rxd4 47. g3 g5 48. Kb6 Ke4 49. gxf4 gxf4 50. Kc5 Ke3 0-1

[Event "EU Championship 4th"]
[Site "Liverpool"]
[Date "2008.09.11"]
[Round "3.62"]
[White "Wilson, Alexandra"]
[Black "Phillips, Owen S"]
[Result "1/2-1/2"]
[WhiteElo "2059"]
[BlackElo "1800"]
[PlyCount "98"]
[EventDate "2008.09.09"]

1. e4 e6 2. d4 b6 3. Nc3 Bb7 4. Be3 d6 5. Qd2 Nd7 6. f3 Ne7 7. O-O-O a6 8. h4
b5 9. h5 h6 10. g4 d5 11. Bd3 Nb6 12. Bf4 Qd7 13. Nh3 O-O-O 14. Bh2 b4 15. Ne2
Nc6 16. Nhf4 Kb8 17. exd5 Nxd5 18. Be4 Na5 19. Kb1 Nc4 20. Qd3 Nce3 21. Nxd5
Nxd5 22. Nf4 Qb5 23. Qxb5 axb5 24. Nxd5 Bxd5 25. Rhe1 Be7 26. c3 Kb7 27. Rc1
bxc3 28. bxc3 Ba3 29. Rc2 Rd7 30. Re3 Bxe4 31. fxe4 Ra8 32. Rd3 c5 33. Rcd2 {
(=)} Ra4 34. Kc2 c4 35. Rf3 Be7 36. Kb1 Bg5 37. Rd1 Kb6 38. d5 b4 39. cxb4 exd5
40. exd5 Rxb4+ 41. Kc2 Bf6 42. Bg1+ Kb5 43. Bd4 Bxd4 44. Rxd4 Kc5 45. Rd1 f6
46. Ra3 Rb5 47. Kc3 Rxd5 48. Rxd5+ Kxd5 49. Ra7 Rb1 1/2-1/2

[Event "EU Championship 4th"]
[Site "Liverpool"]
[Date "2008.09.11"]
[Round "3.63"]
[White "Groves, Barry"]
[Black "Cafolla, Peter"]
[Result "0-1"]
[WhiteElo "1810"]
[BlackElo "2055"]
[PlyCount "72"]
[EventDate "2008.09.09"]

1. e4 c5 2. Nf3 Nc6 3. Bb5 e6 4. Bxc6 bxc6 5. O-O Ne7 6. c4 d6 7. d3 Ng6 8. Nc3
Be7 9. Re1 O-O 10. b3 Rb8 11. Ne2 e5 12. h3 Be6 13. Ng3 Nh4 14. Nxh4 Bxh4 15.
Re3 d5 16. Bb2 d4 17. Rf3 g6 18. Ba3 Be7 19. Bc1 Kh8 20. Bh6 Rg8 21. Qd2 f6 22.
h4 Bg4 23. Kh2 Bxf3 24. gxf3 Bf8 25. Bxf8 Qxf8 26. Rg1 Rb7 27. h5 gxh5 28. Nf5
Rxg1 29. Kxg1 Qg8+ 30. Kh1 Qg5 31. Qa5 Rb8 32. Ne7 Re8 33. Qxc5 h4 34. Kh2 Qf4+
35. Kh3 Qxf3+ 36. Kxh4 h5 0-1

[Event "EU Championship 4th"]
[Site "Liverpool"]
[Date "2008.09.11"]
[Round "3.64"]
[White "Cannon, Raymond C"]
[Black "Hulligan, Steve"]
[Result "1-0"]
[WhiteElo "2041"]
[BlackElo "1822"]
[PlyCount "23"]
[EventDate "2008.09.09"]

1. e4 e6 2. d4 d5 3. Nd2 Nf6 4. e5 Nfd7 5. Bd3 c5 6. c3 Nc6 7. Ne2 cxd4 8. cxd4
Be7 9. Nf3 O-O 10. Nf4 a6 11. h4 b5 12. Bxh7+ 1-0

[Event "EU Championship 4th"]
[Site "Liverpool"]
[Date "2008.09.11"]
[Round "3.65"]
[White "Campbell, Ian"]
[Black "Burge, Stephen"]
[Result "1-0"]
[WhiteElo "2031"]
[BlackElo "1745"]
[PlyCount "91"]
[EventDate "2008.09.09"]

1. d4 Nf6 2. Nf3 g6 3. c4 c5 4. Nc3 cxd4 5. Nxd4 Nc6 6. e4 d6 7. f3 Bg7 8. Be3
O-O 9. Qd2 Nxd4 10. Bxd4 Bd7 11. Be2 Qa5 12. O-O Qh5 13. Be3 Rac8 14. Bxa7 Bh6
15. Be3 Bxe3+ 16. Qxe3 Rc5 17. Rf2 Rfc8 18. Rd1 Qh4 19. Nd5 Nxd5 20. Rxd5 Be6
21. Rxc5 dxc5 22. Bd3 Qh5 23. Rd2 Qe5 24. Bf1 Kg7 25. f4 Qc7 26. b3 b6 27. g3
Rd8 28. Kf2 Rxd2+ 29. Qxd2 Qd6 30. Ke3 h5 31. h4 Qxd2+ 32. Kxd2 Kf8 33. a3 Ke8
34. Be2 Kd8 35. f5 Bd7 36. Ke3 Ke8 37. Kf4 Kf8 38. fxg6 fxg6 39. Ke5 Ke8 40. b4
cxb4 41. axb4 Kd8 42. Kf4 Kc7 43. e5 Kd8 44. Kg5 Be8 45. Bd3 Kd7 46. Bxg6 1-0

[Event "EU Championship 4th"]
[Site "Liverpool"]
[Date "2008.09.11"]
[Round "3.66"]
[White "Wells, Daniel J"]
[Black "Bentley, Emma J"]
[Result "1-0"]
[WhiteElo "2016"]
[BlackElo "1740"]
[PlyCount "117"]
[EventDate "2008.09.09"]

1. e4 e5 2. Nf3 Nc6 3. Bb5 d6 4. d4 exd4 5. Nxd4 Bd7 6. Bxc6 Bxc6 7. Nxc6 bxc6
8. Nc3 Nf6 9. Bg5 Be7 10. Qd2 Nd7 11. Bxe7 Qxe7 12. Qd4 Qe5 13. O-O-O Qxd4 14.
Rxd4 O-O 15. f4 Rab8 16. e5 d5 17. Ra4 Rb7 18. Ra6 Nb8 19. Ra5 a6 20. Rd1 Ra7
21. Na4 Nd7 22. Nc5 Nb6 23. Rxa6 Rxa6 24. Nxa6 Ra8 25. Nb4 Ra4 26. a3 g6 27. g3
Kf8 28. Nxc6 Rc4 29. Nb4 Rc5 30. b3 Ke7 31. Kb2 Ke6 32. a4 Ra5 33. Nc6 Ra8 34.
a5 Nc8 35. Nd8+ Ke7 36. Rxd5 Na7 37. Nb7 Rb8 38. a6 Ke6 39. c4 h6 40. Nc5+ Ke7
41. Rd7+ Ke8 42. Rxc7 Rc8 43. Rxa7 Rxc5 44. Rb7 Ra5 45. a7 g5 46. Rb8+ Kd7 47.
a8=Q Rxa8 48. Rxa8 gxf4 49. gxf4 Ke6 50. Rd8 f6 51. exf6 Kxf6 52. c5 Ke7 53.
Rd4 Kf6 54. c6 Kf5 55. c7 Kg4 56. c8=Q+ Kh4 57. Qg8 Kh5 58. Rd5+ Kh4 59. Qg3#
1-0

[Event "EU Championship 4th"]
[Site "Liverpool"]
[Date "2008.09.11"]
[Round "3.67"]
[White "Stancak, Andrej"]
[Black "Soikkeli, Raino"]
[Result "1-0"]
[WhiteElo "2000"]
[BlackElo "1738"]
[PlyCount "125"]
[EventDate "2008.09.09"]

1. e4 d5 2. exd5 Nf6 3. Nf3 Nxd5 4. d4 Bg4 5. c4 Nb6 6. h3 Bh5 7. g4 Bg6 8. c5
N6d7 9. Bg2 c6 10. Nc3 e6 11. Qe2 h6 12. O-O Be7 13. Bf4 Nf6 14. Ne5 Bh7 15.
Rad1 O-O 16. Bg3 Nd5 17. Nc4 Nb4 18. Ne4 Bxe4 19. Bxe4 Nd5 20. Bb1 Nd7 21. Nd6
Bxd6 22. Bxd6 Re8 23. Qd3 g6 24. Qg3 Qf6 25. Rfe1 b5 26. Re4 a5 27. h4 Qg7 28.
g5 h5 29. Rde1 Ne7 30. Bxe7 Rxe7 31. Qd6 Qf8 32. Qxc6 b4 33. Qd6 Rd8 34. Qc6
Nb8 35. Qb5 Red7 36. c6 Rd5 37. Qb7 Rc8 38. Rc1 Kg7 39. c7 Nd7 40. Rc6 Qe8 41.
f4 Nf8 42. Bd3 Qd7 43. Qb6 e5 44. fxe5 Qh3 45. Bf1 Qg3+ 46. Bg2 Nd7 47. Qa7
Nxe5 48. Rxe5 Rxe5 49. dxe5 Qe1+ 50. Kh2 Qxh4+ 51. Bh3 Qf4+ 52. Kg2 Qe4+ 53.
Kf2 Qf4+ 54. Kg2 Qe4+ 55. Kf2 Qf4+ 56. Ke2 Qxe5+ 57. Kd3 Qb5+ 58. Rc4 Qe8 59.
Qd4+ Kh7 60. Bxc8 Qxc8 61. Kc2 Qf5+ 62. Qd3 Qf2+ 63. Kb1 1-0

[Event "EU Championship 4th"]
[Site "Liverpool"]
[Date "2008.09.11"]
[Round "3.68"]
[White "Van Kemenade, Rudy"]
[Black "Benson, Nicola"]
[Result "1-0"]
[WhiteElo "1971"]
[BlackElo "1520"]
[PlyCount "57"]
[EventDate "2008.09.09"]

1. d4 d5 2. Nf3 Nf6 3. g3 e6 4. Bg2 Be7 5. O-O O-O 6. c4 c5 7. cxd5 Qxd5 8. Nc3
Qd8 9. Qa4 Nbd7 10. Rd1 Qb6 11. Qc2 cxd4 12. Nxd4 Nc5 13. h3 e5 14. Nf5 Bxf5
15. Qxf5 Rfd8 16. Qxe5 Rxd1+ 17. Nxd1 Bd6 18. Qf5 Bxg3 19. fxg3 Nce4+ 20. Be3
Qb4 21. Kh2 g6 22. Qf4 Qe7 23. Nf2 Nh5 24. Qxe4 Qxe4 25. Nxe4 Re8 26. g4 Ng7
27. Nf6+ Kf8 28. Bc5+ Re7 29. Nd5 1-0

[Event "EU Championship 4th"]
[Site "Liverpool"]
[Date "2008.09.11"]
[Round "3.69"]
[White "Ringoir, Guy"]
[Black "Amlani, Parual"]
[Result "1-0"]
[WhiteElo "1944"]
[BlackElo "1500"]
[PlyCount "35"]
[EventDate "2008.09.09"]

1. e4 e5 2. Nf3 Nc6 3. Bb5 Nf6 4. O-O Nxe4 5. Re1 d5 6. d3 Nd6 7. Nxe5 Be7 8.
Nxc6 Nxb5 9. Nxd8 Kxd8 10. c4 Nd6 11. cxd5 f5 12. Nc3 Re8 13. Be3 g5 14. Bc5
Nf7 15. Qe2 Nd6 16. Nb5 Nxb5 17. Bxe7+ Rxe7 18. Qxe7# 1-0